000 00799nam a2200217Ia 4500
003 GCL
008 140319s9999 xx 000 0 ara d
040 _aGCL /
_cGCL
082 0 4 _a956.9
_bم ف
100 1 _aمركز دراسات الوحدة العربية
245 1 0 _aفلسطين تاريخا... وعبرة... ومصيرا /
_cمركز دراسات الوحدة العربية
700 1 _aشفيق الرشيدات
260 _aبيروت :
_bمركز دراسات الوحدة العربية ،
_c1991
300 _a351 ص ؛
_c24 سم
490 _aسلسلة التراث القومى
_v0
650 0 4 _aتاريخ
650 0 4 _aالنزاع العربى الاسرائيلى
650 0 4 _aفلسطين
650 0 4 _aهجرة اليهود الى فلسطين
942 _2ddc
_cBK
999 _c35487
_d35487